| 000 | 00806nam a22002297a 4500 | ||
|---|---|---|---|
| 005 | 20191217042540.0 | ||
| 008 | 160318b2015 fr ado fr|||| 00| 0 eng d | ||
| 020 | _a9782358387705 | ||
| 040 |
_aCO-BoIAVH _cCO-BoIAVH |
||
| 041 | 0 | _aeng | |
| 044 | _afr | ||
| 082 | 0 | 4 |
_a304.25 _bA24c |
| 245 | 0 | 0 |
_aAdressing Climate Change : _bFrench know-how / |
| 260 |
_aParís : _bADEME, _c2013. |
||
| 300 |
_a31 páginas : _bilustraciones a color, gráficas a color, fotografías a color ; _c30 x 21 centímetros |
||
| 650 | 6 | _aCambio climático | |
| 650 | 6 |
_aCambio climático _xreducción de emisiones |
|
| 650 | 6 | _aControl de la contaminación | |
| 650 | 6 | _aAdaptación al cambio climático | |
| 710 | 2 | _aFrench Environment & Energy Management Agency | |
| 942 |
_2ddc _cLIBRO |
||
| 999 |
_c18252 _d18252 |
||